000 00725nam a2200265Ia 4500
005 20260302114947.0
008 008 260114s9999 xx 000 0 eng d
020 _a9781978736160
037 _aTextbook
040 _aCRL
040 _beng
040 _cCRL
041 _2eng
041 _aeng
084 _qCRL
100 _aNandita Batra & Mario Wenning
_91120288
245 4 _aThe Human–Animal Boundary Exploring the Line in Philosophy and Fiction
260 _bBloomsbury
260 _bLexington Books
260 _c2018
650 _aLiterary Studies
856 _uhttps://doi.org/10.5040/9781978736160?locatt=label:secondary_bloomsburyCollections
942 _cEBOOK
999 _c1684448
_d1684448